000 00786nam a2200241 a 4500
001 BRCA_6864
005 20190320205624.0
008 101111s1948----u--a######---#000-0#eng-#
041 _aeng
044 _au
050 4 _aDD247
_b.G6 L63 1948
100 1 _aGoebbels, Joseph
_d1897-1945
_917105
245 1 0 _aThe Goebbels diaries 1942-1943
_cedited, translated and with an introduction by Louis P. Lochner.
260 _aGarden City, Nueva York
_bDoubleday
_c1948
300 _aix, 566 p.
_bil.
_c22 cm.
500 _aO52
600 1 4 _aGoebbels, Joseph
_d1897-1945
_917105
650 1 4 _aGoebbels, Joseph
_xDiarios
_y1897-1945
_917106
651 4 _aAlemania
_xMemorias polĂ­ticas
_y1933 a 1945
_917107
700 1 _aLochner, Louis Paul
_eed. y tr.
_917108
902 _aGFM
942 _2lcc
_cB
999 _c6546
_d6546